| 000 | 02123cam a22005534i 4500 | ||
|---|---|---|---|
| 003 | PE-LiUPU | ||
| 005 | 20250731180124.0 | ||
| 008 | 150623s2002 pe a r 000 0 spa d | ||
| 035 | _a(Sirsi) a28074 | ||
| 040 |
_aPE-LiUPU _bspa _cPE-LiUPU _erda |
||
| 049 | _aPRUA | ||
| 082 | 0 | 4 |
_a515.076 _bE88A _221 |
| 100 | 1 |
_aEspinoza Ramos, Eduardo, _d1946-, _eautor. |
|
| 245 | 1 | 0 |
_aAnálisis matemático II : _bpara estudiantes de ciencias e ingeniería / _cEduardo Espinoza Ramos. |
| 250 | _aTercera edición. | ||
| 264 | 1 |
_aLima, Perú : _bServicios Gráficos JJ, _c2002. |
|
| 300 |
_a659 páginas : _bilustraciones ; _c22 centímetros |
||
| 336 |
_atext _2rdacontent |
||
| 337 |
_aunmediated _2rdamedia |
||
| 338 |
_avolume _2rdacarrier |
||
| 505 | 0 | _aIntegral indefina -- Integral definida -- Aplicación dela integral definida -- Integrales impropias -- Aplicaciones de la integral definida a la física -- Integración numérica -- Ecuaciones paramétricas -- Coordenadas polares. | |
| 526 | _aSEG44 | ||
| 526 | _aSEG26 | ||
| 526 | _aP159 | ||
| 526 | _aP155 | ||
| 526 | _aP154 | ||
| 526 | _aP153 | ||
| 526 | _aP150 | ||
| 526 | _aP100 | ||
| 526 | _aP31 | ||
| 526 | _aP30 | ||
| 526 | _aP26 | ||
| 526 | _aP25 | ||
| 526 | _aP24 | ||
| 526 | _aP22 | ||
| 526 | _aP15 | ||
| 526 | _aP10 | ||
| 650 | 1 | 8 |
_aAnálisis matemático _xEstudio y enseñanza. |
| 650 | 2 | 8 |
_aAnálisis matemático _vProblemas, ejercicios, etc. |
| 650 | 2 | 8 | _aVariables (Matemáticas). |
| 650 | 2 | 8 |
_aFunciones analíticas _vProblemas, ejercicios, etc. |
| 910 |
_adbm _bncf _cncf _d20190429 |
||
| 942 |
_2ddc _cBOOK |
||
| 949 |
_a515.1 E88A [2] _wDEWEY _c1 _i53319 _lCCODEBUL1 _mBUL _p8.00 _r0 _sY _tBOOK _u2015-06-24 _xINGENIERIA _zUNKNOWN _0COMPRA _o.STAFF. Colección Ingeniería y Arquitectura |
||
| 994 |
_aC0 _bPEPRU |
||
| 596 | _a1 | ||
| 999 |
_a515.076 E88 2 _wDEWEY _c35282 _i53319 _d35282 _e2019-9-30 _f2021-11-9 _g8 _lCCODEBUL1 _mBUL _n12 _p8.00 _q1 _r0 _sY _tBOOK _u2015-6-24 _xINGENIERIA _PP25 _0COMPRA _o.STAFF. Colección Ingeniería y Arquitectura |
||
| 980 |
_81 _gALBERTO SANCHEZ Responsable de Automatización |
||